000 00826nam a22002897a 4500
001 0005201
003 KOHA_MİRAKIL
005 20260207001436.0
007 ta
008 090508b1997 tu |||gr||||#0|||0|tur |
020 _a9757622540
040 _aTR-BiSEU
_btur
_cTR-BiSEU
_erda
041 0 _atur
044 _ctu
050 _aDR435
_b.E44 1997
100 1 _aEmecen, Feridun M..
245 1 _aUnutulmuş bir cemaat :
_bManisa Yahudileri/
_cFeridun M. Emecen ; Feridun M. Emecen.
264 1 _aİstanbul :
_bEREN,1997.
_c1997
300 _a224 sayfa: resimli
336 _ametin
_btxt
_2rdacontent
337 _aaracısız
_bn
_2rdamedia
338 _acilt
_bnc
_2rdacarrier
500 _aKaynakça ve dizin var.
650 0 _aYahudiler--Türkiye--Manisa--Tarih.
_912467
907 _aTarih
942 _2lcc
_cBK
999 _c5183
_d5183